00433nam a2200181Ia 4500003000900000008004100009040001300050040001300063041000800076100002300084245008400107250000900191260002100200260000900221300000800230490000700238490000600245IT-RoPAU120407s9999 xx 000 0 und d aIT-RoPAU cIT-RoPAU aita aGregorio Alastruey aLa Santissima Vergine Maria. Trattato di Mariologia per sacerdoti e laici 2.ed. aRoma aEdizioni Paoline c1958 c cm aMD v2